000 00889nam a2200253 i 4500
001 87394
003 ES-MaACL
005 20230906175649.0
007 t|
008 041221s1985 fr ||||1| fre d
020 _a2-07-029528-1
100 1 _aKojeve, Alexandre.
_9184036
245 1 0 _aIntroduction áa la lecture de Hegel
_b: leçons sur la phénoménologie de l'esprit, professées de 1933 áa 1939 áa l'ecole des hautes etudes /
_cAlexandre Kojeve ; réunies et publiées par Raumond Queneau.
260 _a[Paris] :
_bGallimard,
_c[1985]
300 _a597 p. ;
_c19 cm.
490 1 _aTel ;
_v45
600 1 4 _aHegel, Georg Wilhelm Friedrich-
_xCrítica e interpretación.
_962317
650 4 _aConciencia.
_911241
650 0 4 _aVerdad.
_917765
700 1 _aQueneau, Raymond.
_994514
830 0 _aTel ;
_v45
_9184073
852 _aES-MaACL
_jL-12339
999 _c87394
_d87394